[Event "Aragon-chT Preferente Gr-I"]
[Site "Aragon"]
[Date "2019.02.09"]
[Round "3.40"]
[White "Castera Montagud, Rafael"]
[Black "Asin Jimenez, Pedro Jose"]
[Result "1-0"]
[WhiteElo "1671"]
[BlackElo "1735"]
[PlyCount "73"]
[EventDate "2019.01.26"]
[EventType "team-tourn"]
[EventRounds "9"]
[EventCountry "ESP"]
[SourceTitle "EXT 2020"]
[Source "ChessBase"]
[SourceDate "2019.10.17"]
[SourceVersion "1"]
[SourceVersionDate "2019.10.17"]
[SourceQuality "1"]
[WhiteTeam "Monsalud Soluzion"]
[BlackTeam "Ejea"]
[WhiteTeamCountry "ESP"]
[BlackTeamCountry "ESP"]

1. e4 e5 2. Nf3 Nc6 3. Bc4 Nf6 4. d4 exd4 5. 0-0 Nxe4 6. Nxd4 d5 7. Bb5 Bd7 8. Re1 Nxd4 9. Bxd7+ Qxd7 10. Qxd4 Bc5 11. Qxc5 b6 12. Qa3 Kd8 13. Nc3 Re8 14. Nxe4 Qf5 15. Be3 Rxe4 16. Rad1 c5 17. Qd3 Kc7 18. Qxd5 Qxd5 19. Rxd5 Rae8 20. g3 Kc6 21. Red1 R8e7 22. b3 h6 23. h4 Kb5 24. a3 Kc6 25. Kg2 f6 26. a4 g5 27. hxg5 fxg5 28. a5 Kc7 29. a6 Kc6 30. Rd8 Rc7 31. R1d5 Rf7 32. Rc8+ Rc7 33. Rxc7+ Kxc7 34. Kf3 Re7 35. Kg4 Kc6 36. Rd8 Rc7 37. Rh8 1-0

[Event "Aragon-chT Preferente Gr II"]
[Site "Aragon"]
[Date "2018.02.10"]
[Round "3.64"]
[White "Asin Jimenez, Pedro Jose"]
[Black "Garreta Nieto, Maria"]
[Result "1-0"]
[WhiteElo "1733"]
[BlackElo "1734"]
[PlyCount "65"]
[EventDate "2018.01.27"]
[EventType "team-tourn"]
[EventRounds "9"]
[EventCountry "ESP"]
[SourceTitle "EXT 2019"]
[Source "ChessBase"]
[SourceDate "2018.10.10"]
[SourceVersion "1"]
[SourceVersionDate "2018.10.10"]
[SourceQuality "1"]
[WhiteTeam "Ejea"]
[BlackTeam "Monzon"]
[WhiteTeamCountry "ESP"]
[BlackTeamCountry "ESP"]

1. e4 c6 2. d4 d5 3. Nc3 dxe4 4. Nxe4 Bf5 5. Ng3 Bg6 6. f4 e6 7. Nf3 Nd7 8. Bd3 Ngf6 9. 0-0 Bd6 10. f5 exf5 11. Re1+ Kf8 12. Nxf5 Bxf5 13. Bxf5 Qc7 14. c4 g6 15. Bxd7 Qxd7 16. c5 Bc7 17. Bh6+ Kg8 18. h4 Nd5 19. Ne5 Qe6 20. Qf3 Bxe5 21. Rxe5 Qf6 22. Qxf6 Nxf6 23. Re7 Nd5 24. Rxb7 Re8 25. Rf1 f5 26. Rg7+ Kf8 27. Rxa7+ Kg8 28. Kf2 Nf6 29. Rg7+ Kf8 30. Rc7+ Kg8 31. Re1 Ng4+ 32. Kg1 Rd8 33. a4 1-0